Megamistakes : Forecasting and the myth of rapid technological change

The author identifies the most common mistakes in forecasting technological developments and provides guidelines. He considers forecasts preceding vibrant growth in computers and other major products and provides three key guidelines to reliable, lower-risk forecasting.

Wedi'i Gadw mewn:
Manylion Llyfryddiaeth
Prif Awdur: Schnaars, Steven P.
Fformat: Llyfr
Iaith:Undetermined
Cyhoeddwyd: New York Collier Macmillan 1989
Pynciau:
Tagiau: Ychwanegu Tag
Dim Tagiau, Byddwch y cyntaf i dagio'r cofnod hwn!
Thư viện lưu trữ: Trung tâm Học liệu Trường Đại học Cần Thơ
LEADER 00863nam a2200205Ia 4500
001 CTU_218379
008 210402s9999 xx 000 0 und d
082 |a 658.401 
082 |b S357 
100 |a Schnaars, Steven P. 
245 0 |a Megamistakes : 
245 0 |b Forecasting and the myth of rapid technological change 
245 0 |c Steven P. Schnaars 
260 |a New York 
260 |b Collier Macmillan 
260 |c 1989 
520 |a The author identifies the most common mistakes in forecasting technological developments and provides guidelines. He considers forecasts preceding vibrant growth in computers and other major products and provides three key guidelines to reliable, lower-risk forecasting. 
650 |a Technological forecasting,Dự báo công nghệ 
904 |i Qhieu 
980 |a Trung tâm Học liệu Trường Đại học Cần Thơ